000 00701nam a2200289Ia 4500
005 20260324134632.0
008 008 260324s9999 xx 000 0 eng d
020 _a9780429178221
037 _aEBOOK
040 _aCRL
040 _beng
040 _cCRL
041 _2eng
041 _aeng
084 _qCRL
100 _aBarry P. Fairand
_91197578
245 0 _aRadiation Sterilization for Health Care Products
245 0 _bX-Ray, Gamma, and Electron Beam
260 _bTaylor and Francis
260 _c2001
365 _a
365 _b400
856 _uhttp://www.taylorfrancis.com/books/9780429178221
942 _cEBOOK
999 _c1797857
_d1797857